Представление документа в формате RUSMARC

ПолеНазваниеЗначение
  Тип записи a
  Библиографический уровень a
001 Контрольный номер UONB/MAIN/51e9a48eff0448039dbc59d4b10d169a
005 Дата корректировки 20260409103057.2
100 Данные общей обработки __
a Данные общей обработки 20260409 ||| 0rusy0189 ca
101 Язык документа 0_
a Язык текста rus
102 Страна публикации __
a Страна публикации RU
200 Заглавие и сведения об ответственности 1_
a Заглавие "Карат": человек, который управляет "птицей"
f Первые сведения об ответственности В. Афанасьева
203 Вид содержания и тип средства __
a Вид содержания Текст
b Характеристика содержания визуальный
c Тип средства непосредственный
215 Физическое описание __
c Иллюстрации/тип воспроизводства ил., портр.
330 Аннотация __
a Аннотация В Оськинской школе состоялась встреча с Евгением Макаровым, участником СВО.
461 Уровень набора _0
1 2000
a Вперёд
463 Уровень физической единицы _0
1 2000
a № 13 (11336) (27 марта)
v С. 5
1 2101
d 2026
1 001UONB/MAIN/6899bd1d0bba4dcca1508a1a0cc36064
600 Персоналии _1
a Персоналии (Фамилия) Макаров
b Персоналии (Имя, инициалы) Е.
g Полное имя Евгений
607 Географические рубрики __
a Географическое наименование Оськино, село (Инзенский район ; Ульяновская область)
610 Ключевые слова 0_
a Ключевые слова встречи с военными; участники СВО; управление беспилотниками; беспилотники; патриотическое воспитание школьников
686 Индексы других классификаций __
2 Код системы rubbk
a Классификационный индекс 68.42
700 Автор _1
a Фамилия Афанасьева
b Имя (инициалы) В.
g Полное личное имя Варвара
801 Источник записи _0
a Страна RU
b Организация Ульяновская ОНБ
c Дата составления 20260409
g Правила каталогизации RCR
801 Источник записи _1
a Страна RU
b Организация Ульяновская ОНБ
c Дата составления 20260409
g Правила каталогизации RCR
901 Тип документа __
t Тип документа f
w Контрольный № источника UONB/MAIN/6899bd1d0bba4dcca1508a1a0cc36064
909 Создатель записи __
a Создатель записи Мухаметжанова
b Дата создания записи 20260409